Catálogo público

Proyecto de factibilidad técnico-económico para la instalación de una empacadora de jitomate (Lycopersicum esculentum Mill) en Cuautla, Morelos, México / (Record no. 175260)

MARC details
000 -CABECERA
campo de control de longitud fija 04384nam a2200469Ia 4500
001 - NÚMERO DE CONTROL
campo de control dia_4595
003 - IDENTIFICADOR DEL NÚMERO DE CONTROL
campo de control CHAP
005 - FECHA Y HORA DE LA ÚLTIMA TRANSACCIÓN
campo de control 20241112100609.0
007 - CAMPO FIJO DE DESCRIPCIÓN FÍSICA--INFORMACIÓN GENERAL
campo de control de longitud fija ta
008 - DATOS DE LONGITUD FIJA--INFORMACIÓN GENERAL
campo de control de longitud fija 220117s2009 mx bdeofrm 001 0 spa d
010 ## - NÚMERO DE CONTROL DE LA BIBLIOTECA DEL CONGRESO
Número de control de LC 175260
040 ## - FUENTE DE LA CATALOGACIÓN
Centro/agencia transcriptor CHAP
Centro catalogador/agencia de origen mxchpua
Normas de descripción rda
041 0# - CÓDIGO DE LENGUA
Código de lengua del texto/banda sonora o título independiente spa
Código de lengua del sumario o resumen eng
090 ## - LOCALMENTE ASIGNADO TIPO-LC NÚMERO DE CLASIFICACIÓN (OCLC); NÚMERO DE CLASIFICACIÓN LOCAL (RLIN)
Número de clasificación (OCLC) (R) ; Numero de clasificación, CALL (RLIN) (NR) Tesis
Número cutter local (OCLC) ; Número de libro/Signatura topográfica íntegra, CALL (RLIN) M372
año 2009
100 1# - ENTRADA PRINCIPAL--NOMBRE DE PERSONA
Nombre de persona Martínez Tenango, Eduardo
240 10 - TÍTULO UNIFORME
Título uniforme Project of technician-economic feasibility for the installation of a packer of tomato (Lycopersicum esculentum Mill) in Cuautla, Morelos, Mex.
Lenguaje de la obra Español
245 10 - MENCIÓN DE TÍTULO
Título Proyecto de factibilidad técnico-económico para la instalación de una empacadora de jitomate (Lycopersicum esculentum Mill) en Cuautla, Morelos, México /
Mención de responsabilidad, etc. Eduardo Martínez Tenango
264 ## - PRODUCCIÓN, PUBLICACIÓN, DISTRIBUCIÓN, FABRICACIÓN Y COPYRIGHT
Producción, publicación, distribución, fabricación y copyright Chapingo, México :
Nombre del de productor, editor, distribuidor, fabricante El autor,
Fecha de producción, publicación, distribución, fabricación o copyright 2009
300 ## - DESCRIPCIÓN FÍSICA
Extensión viii, 127 hojas :
Otras características físicas mapas, gráficas, diagramas, tablas, fotos, planos +
Material acompañante/anejo 1 CD-ROM
336 ## - TIPO DE CONTENIDO
Fuente rdacontent
Término de tipo de contenido texto
Código de tipo de contenido txt
337 ## - TIPO DE MEDIO
Fuente rdamedia
Nombre/término del tipo de medio no mediado
Código del tipo de medio n
338 ## - TIPO DE SOPORTE
Fuente rdacarrier
Nombre/término del tipo de soporte volumen
Código del tipo de soporte nc
500 ## - NOTA GENERAL
Nota general El CD contiene el reporte
502 ## - NOTA DE TESIS
Nota de tesis Tesis
Tipo de título (Ingeniero Agroindustrial) --
Nombre de la institución que otorga el título UACh. Departamento de Ingenieria Agroindustrial,
Año de obtención del título 2009
504 ## - NOTA DE BIBLIOGRAFÍA, ETC.
Nota de bibliografía, etc. Bibliografía: hojas 112-114
505 00 - NOTA DE CONTENIDO CON FORMATO
Nota de contenido con formato 2 planos: --<br/>1. Plano de distribución de áreas (Esc. 1:300) --<br/>2. Plano de distribución de equipo (Esc.. 1:300)
520 3# - SUMARIO, ETC.
Sumario, etc. El Estado de Morelos actualmente se coloca como séptimo productor de jitomate a nivel nacional. Donde la producción bajo invernadero estaba controlada hasta el 2007 por el Consejo Estatal de Productores de Jitomate del Estado de Morelos (CEPJM) y por empresas privadas, los cuales tienen la infraestructura necesaria para empacar su fruta. Debido a apoyos de SAGARPA a productores de bajos recursos y en zonas marginadas durante el 2008 se consolidaron en cuatro organizaciones mismas que presentaron problemas en la comercialización del primer ciclo de producción. Por esta razón, es necesaria la instalación de una empacadora que capte y comercialice la producción de la zona. Para ello, se sugiere la creación de una SA de CV que integre a las organizaciones.<br/>El análisis financiero para la instalación de la empacadora estima un presupuesto de inversión inicial de $12,811,998.85, el cual será financiado en un 71.18% por los socios y el 28.82% restante por crédito FIRA. En el análisis financiero se obtuvieron los siguientes resultados para los indicadores VAN= 10,840,407, TIR=19.4%, B/C=1.028, N/K=2.099. Lo anterior, indica viabilidad financiera para llevar a cabo el proyecto. --
520 3# - SUMARIO, ETC.
Sumario, etc. Nowadays Morelos state is placed as seventh producing of tomato at national level. Where the production lowers greenhouse it was controlled up to the 2007 by the tomato producing council state of Morelos (CEPJM) and for private companies, which have the necessary infrastructure to pack its fruit. Due to supports of SAGARPA to producing of low resources and in areas excluded during the 2008 they consolidated in four same organizations that presented problems in the commercialization of the first production cycle. For this reason it is necessary the installation of a packer that captures and market the production of the area. For it is suggested it the creation of an SA of CV that integrates to the organizations.<br/>The financial analysis for the packer's installation estimates a budget of initial<br/>investment of $12,811,998.85, which will be financed in 71.17% by the partners and 28.83 % remaining for credit FIRA. In the financial analysis the following results were obtained for the indicative Present Net Value (PNV) of $10,840,407, Internal Return Rate (IRR) of 19.4%, B/C=1.028, N/K=2.099. The above-mentioned, indicates financial viability to carry out the project.
650 13 - PUNTO DE ACCESO ADICIONAL DE MATERIA--TÉRMINO DE MATERIA
Término de materia o nombre geográfico como elemento de entrada Tomates
Subdivisión general Plantas empacadoras
Fuente del encabezamiento o término atg
Subdivisión geográfica México
-- Morelos
650 13 - PUNTO DE ACCESO ADICIONAL DE MATERIA--TÉRMINO DE MATERIA
Término de materia o nombre geográfico como elemento de entrada Iniciativa empresarial
Subdivisión geográfica México
-- Morelos
Fuente del encabezamiento o término atg
650 13 - PUNTO DE ACCESO ADICIONAL DE MATERIA--TÉRMINO DE MATERIA
Término de materia o nombre geográfico como elemento de entrada Tomatoes
Subdivisión general Packing houses
Fuente del encabezamiento o término atg
Subdivisión geográfica Mexico
-- Morelos
650 13 - PUNTO DE ACCESO ADICIONAL DE MATERIA--TÉRMINO DE MATERIA
Término de materia o nombre geográfico como elemento de entrada Entrepreneurship
Subdivisión geográfica Mexico
-- Morelos
Fuente del encabezamiento o término atg
700 1# - PUNTO DE ACCESO ADICIONAL--NOMBRE DE PERSONA
Nombre de persona Ponce Hernández, Pedro
Término indicativo de función/relación director
700 1# - PUNTO DE ACCESO ADICIONAL--NOMBRE DE PERSONA
Nombre de persona Ascencio Rivera, J. Rogelio
Término indicativo de función/relación asesor
700 1# - PUNTO DE ACCESO ADICIONAL--NOMBRE DE PERSONA
Nombre de persona Pérez Pelayo, Fernando
Término indicativo de función/relación asesor
901 ## - ELEMENTOS DE DATOS A LOCAL LDA (RLIN)
a Tesis M372 2009
942 ## - ELEMENTOS DE PUNTO DE ACCESO ADICIONAL (KOHA)
Tipo de ítem Koha TESIS
Fuente del sistema de clasificación o colocación Clasificación Universidad Autónoma Chapingo
902 ## - ELEMENTOS DE DATOS B LOCAL, LDB (RLIN)
a M
905 ## - ELEMENTOS DE DATOS E LOCAL, LDE (RLIN)
a 0000002009 mx a m 0000000000spa00
Holdings
Estado de retiro Estado de pérdida Fuente del sistema de clasificación o colocación Estado dañado Restricciones de uso No para préstamo Código de colección Localización permanente Ubicación/localización actual Fecha de adquisición Fuente de adquisición Total de préstamos Signatura topográfica completa Código de barras Fecha visto por última vez Fecha del último préstamo Número de copia Precio válido a partir de Tipo de ítem Koha
    Clasificación Universidad Autónoma de Chapingo   Préstamo 5 días   Tesis Ingenieria Agroindustrial Ingenieria Agroindustrial 18/01/2022 El autor 1 Tesis M372 2009 1101000983 02/02/2026 21/11/2024 Ej. 2 18/01/2022 Tesis
    Clasificación Universidad Autónoma de Chapingo   Préstamo interno   Tesis Ingenieria Agroindustrial Ingenieria Agroindustrial 18/01/2022 El autor   Tesis M372 2009 1101000982 02/02/2026   Ej. 1 18/01/2022 Tesis
    Clasificación Universidad Autónoma de Chapingo   Préstamo interno   Tesis Ingenieria Agroindustrial Ingenieria Agroindustrial 11/11/2024 El autor   Tesis M372 2009 1101013977 11/11/2024   Ej. 3 11/11/2024 CD